[Event "WchT Seniors 65"]
[Site "Acqui Terme"]
[Date "2022.06.26"]
[Round "6.2"]
[White "Giffard, Nicolas"]
[Black "Kiefer, Gerhard"]
[Result "1/2-1/2"]
[WhiteElo "2238"]
[BlackElo "2212"]
[PlyCount "56"]
[EventDate "2022.06.20"]
[EventType "team-tourn"]
[EventRounds "9"]
[EventCountry "ITA"]
[SourceTitle "CBM 209 Extra"]
[Source "ChessBase"]
[SourceDate "2022.09.30"]
[SourceVersion "1"]
[SourceVersionDate "2022.09.30"]
[SourceQuality "1"]
[WhiteTeam "France 65"]
[BlackTeam "Germany 65"]
[WhiteTeamCountry "FRA"]
[BlackTeamCountry "GER"]

1. Nf3 Nf6 2. c4 g6 3. Nc3 Bg7 4. g3 0-0 5. Bg2 d6 6. 0-0 c5 7. d4 Nc6 8. d5 Na5 9. Nd2 a6 10. Qc2 Rb8 11. b3 b5 12. Rb1 bxc4 13. bxc4 Rxb1 14. Ncxb1 e5 15. Bb2 Bd7 16. Bc3 Qc7 17. Qb2 Ra8 18. Na3 Rb8 19. Qa1 Nh5 20. Ne4 Nb7 21. Rb1 f5 22. Nd2 Nd8 23. Rxb8 Qxb8 24. Qb1 Qxb1+ 25. Naxb1 e4 26. Bxg7 Kxg7 27. f3 exf3 28. exf3 Ba4 1/2-1/2

[Event "WchT Seniors 65"]
[Site "Acqui Terme"]
[Date "2022.06.24"]
[Round "5.1"]
[White "Stebbings, Anthony"]
[Black "Giffard, Nicolas"]
[Result "1-0"]
[WhiteElo "2297"]
[BlackElo "2238"]
[PlyCount "65"]
[EventDate "2022.06.20"]
[EventType "team-tourn"]
[EventRounds "9"]
[EventCountry "ITA"]
[SourceTitle "CBM 209 Extra"]
[Source "ChessBase"]
[SourceDate "2022.09.30"]
[SourceVersion "1"]
[SourceVersionDate "2022.09.30"]
[SourceQuality "1"]
[WhiteTeam "England 65"]
[BlackTeam "France 65"]
[WhiteTeamCountry "ENG"]
[BlackTeamCountry "FRA"]

1. d4 Nf6 2. c4 e6 3. Nc3 Bb4 4. e3 Bxc3+ 5. bxc3 c5 6. Bd3 Nc6 7. Nf3 d6 8. 0-0 e5 9. d5 Ne7 10. Nd2 Ng6 11. f4 exf4 12. exf4 0-0 13. Nf3 Re8 14. Bd2 Bg4 15. h3 Bxf3 16. Qxf3 Qc7 17. g4 b5 18. g5 Nd7 19. Kh2 Nb6 20. cxb5 c4 21. Bxg6 hxg6 22. Be3 Qb7 23. Rad1 Na4 24. Bd4 Qxb5 25. f5 gxf5 26. Qxf5 Re2+ 27. Kg3 Qe8 28. Rf4 Rb8 29. Rdf1 Rb7 30. Rh4 Rbb2 31. Qh7+ Kf8 32. Qxg7+ Ke7 33. Rh8 1-0

[Event "Wch Seniors 65 29th"]
[Site "Bucharest"]
[Date "2019.11.16"]
[Round "5"]
[White "Giffard, Nicolas"]
[Black "Bogdanov, Valentin"]
[Result "1/2-1/2"]
[WhiteElo "2218"]
[BlackElo "2350"]
[PlyCount "61"]
[EventDate "2019.11.12"]
[EventType "swiss"]
[EventRounds "11"]
[EventCountry "ROU"]
[SourceTitle "CBM 193 Extra"]
[Source "ChessBase"]
[SourceDate "2020.01.31"]
[SourceVersion "1"]
[SourceVersionDate "2020.01.31"]
[SourceQuality "1"]

1. d4 Nf6 2. c4 g6 3. Nf3 Bg7 4. e3 0-0 5. Be2 d5 6. cxd5 Nxd5 7. e4 Nb6 8. 0-0 Bg4 9. Nbd2 e5 10. dxe5 Nc6 11. h3 Be6 12. Qc2 Nb4 13. Qb1 c5 14. Rd1 Qe7 15. Nf1 h6 16. Bf4 Rfd8 17. a3 Rxd1 18. Qxd1 Nc6 19. Qc1 Kh7 20. Ne3 Rd8 21. Bd1 Nd7 22. Qc3 Nd4 23. Nxd4 cxd4 24. Qxd4 Nxe5 25. Qxa7 Nd3 26. Bg3 Nxb2 27. e5 Nxd1 28. Rxd1 Rxd1+ 29. Nxd1 Qd7 30. Ne3 Qc6 31. Qb8 1/2-1/2

[Event "WchT Seniors 65"]
[Site "Rhodes"]
[Date "2019.04.20"]
[Round "5.6"]
[White "Giffard, Nicolas"]
[Black "Grevlund, Per"]
[Result "1-0"]
[WhiteElo "2252"]
[BlackElo "1998"]
[PlyCount "83"]
[EventDate "2019.04.16"]
[EventType "team-swiss"]
[EventRounds "9"]
[EventCountry "GRE"]
[SourceTitle "CBM 190 Extra"]
[Source "ChessBase"]
[SourceDate "2019.07.15"]
[SourceVersion "1"]
[SourceVersionDate "2019.07.15"]
[SourceQuality "1"]
[WhiteTeam "France"]
[BlackTeam "Norresundby"]
[WhiteTeamCountry "FRA"]
[BlackTeamCountry "DEN"]

1. Nf3 Nf6 2. c4 e6 3. Nc3 d5 4. d4 c6 5. e3 Be7 6. Qc2 0-0 7. Bd2 Re8 8. e4 dxe4 9. Nxe4 Nbd7 10. Bd3 Nxe4 11. Bxe4 Nf6 12. Bd3 c5 13. dxc5 Bxc5 14. b4 Be7 15. 0-0 h6 16. a4 b6 17. a5 Bb7 18. Ne5 Qc7 19. Rfe1 Nd7 20. Nxd7 Qxd7 21. a6 Bc6 22. b5 Rad8 23. Bh7+ Kh8 24. Red1 Ba8 25. Bxh6 Qc7 26. Be3 Bc5 27. Bxc5 Qxc5 28. Bd3 Kg8 29. Bf1 Kf8 30. Rd2 Ke7 31. Rad1 g6 32. Qc3 Qc7 33. Rxd8 Rxd8 34. Rxd8 Qxd8 35. c5 Bd5 36. Qb4 Ke8 37. c6 Qe7 38. Qd4 Kd8 39. Qh8+ Kc7 40. Qe5+ Qd6 41. f4 f6 42. Qxf6 1-0

[Event "Wch Seniors 65 28th"]
[Site "Bled"]
[Date "2018.11.28"]
[Round "10"]
[White "Giffard, Nicolas"]
[Black "Berkovich, Mark A"]
[Result "1/2-1/2"]
[WhiteElo "2249"]
[BlackElo "2339"]
[PlyCount "44"]
[EventDate "2018.11.18"]
[EventType "swiss"]
[EventRounds "11"]
[EventCountry "SLO"]
[SourceTitle "CBM 187 Extra"]
[Source "ChessBase"]
[SourceDate "2018.11.04"]
[SourceVersion "1"]
[SourceVersionDate "2018.11.04"]
[SourceQuality "1"]

1. d4 Nf6 2. Nf3 b6 3. e3 Bb7 4. Bd3 d5 5. 0-0 e6 6. b3 Nbd7 7. Bb2 Be7 8. c4 0-0 9. Nc3 Ne4 10. Qc2 Ndf6 11. Rfd1 Nxc3 12. Bxc3 Ne4 13. Bb2 f5 14. Ne5 dxc4 15. bxc4 Qe8 16. f3 Nf6 17. e4 fxe4 18. fxe4 Bd6 19. c5 bxc5 20. dxc5 Bxe5 21. Bxe5 Ng4 22. Bxc7 Ne3 1/2-1/2

[Event "WchT Seniors 65"]
[Site "Dresden"]
[Date "2018.07.13"]
[Round "7.5"]
[White "Giffard, Nicolas"]
[Black "Steedman, James"]
[Result "1-0"]
[WhiteElo "2260"]
[BlackElo "2132"]
[PlyCount "61"]
[EventDate "2018.07.07"]
[EventType "team-swiss"]
[EventRounds "9"]
[EventCountry "GER"]
[SourceTitle "CBM 185 Extra"]
[Source "ChessBase"]
[SourceDate "2018.07.29"]
[SourceVersion "1"]
[SourceVersionDate "2018.07.29"]
[SourceQuality "1"]
[WhiteTeam "France"]
[BlackTeam "Norway"]
[WhiteTeamCountry "FRA"]
[BlackTeamCountry "NOR"]

1. d4 Nf6 2. c4 e6 3. Nf3 b6 4. a3 Bb7 5. Nc3 d5 6. cxd5 Nxd5 7. Qc2 Be7 8. Bd2 0-0 9. e4 Nxc3 10. Bxc3 c5 11. Rd1 Qc7 12. d5 exd5 13. exd5 Nd7 14. Bd3 g6 15. h4 Bxd5 16. h5 Rae8 17. hxg6 Bf6+ 18. Kf1 Bxf3 19. gxf7+ Rxf7 20. Bxh7+ Kf8 21. gxf3 Bxc3 22. Qxc3 Qe5 23. Bg6 Qe2+ 24. Kg2 Re5 25. Bxf7 Rg5+ 26. Kh3 Qxf2 27. Qh8+ Kxf7 28. Rxd7+ Ke6 29. Qe8+ Kf6 30. Qf7+ Ke5 31. Rd5# 1-0

[Event "WchT Seniors 65"]
[Site "Dresden"]
[Date "2018.07.10"]
[Round "4.6"]
[White "Giffard, Nicolas"]
[Black "Munninghoff, Alexander"]
[Result "1-0"]
[WhiteElo "2260"]
[BlackElo "1918"]
[PlyCount "51"]
[EventDate "2018.07.07"]
[EventType "team-swiss"]
[EventRounds "9"]
[EventCountry "GER"]
[SourceTitle "CBM 185 Extra"]
[Source "ChessBase"]
[SourceDate "2018.07.29"]
[SourceVersion "1"]
[SourceVersionDate "2018.07.29"]
[SourceQuality "1"]
[WhiteTeam "France"]
[BlackTeam "Koninklijke DD"]
[WhiteTeamCountry "FRA"]
[BlackTeamCountry "NED"]

1. d4 f5 2. c4 Nf6 3. e3 e6 4. Bd3 Be7 5. Ne2 0-0 6. f3 d6 7. Qc2 Nc6 8. a3 a5 9. Nbc3 Qe8 10. Bd2 Bd8 11. 0-0-0 Ne7 12. e4 c6 13. exf5 exf5 14. h3 Bd7 15. g4 b5 16. cxb5 cxb5 17. Qb3+ Kh8 18. Bxb5 Bc7 19. Nf4 Nc6 20. Bxc6 Bxc6 21. d5 Qf7 22. Qa2 Bd7 23. g5 Ng8 24. h4 Rfc8 25. h5 Bd8 26. Ng6+ 1-0

[Event "WchT Seniors 65"]
[Site "Hersonissos"]
[Date "2017.04.27"]
[Round "4.3"]
[White "Baum, Bernd"]
[Black "Giffard, Nicolas"]
[Result "1/2-1/2"]
[WhiteElo "2226"]
[BlackElo "2257"]
[PlyCount "41"]
[EventDate "2017.04.24"]
[EventType "team-swiss"]
[EventRounds "9"]
[EventCountry "GRE"]
[SourceTitle "CBM 178 Extra"]
[Source "ChessBase"]
[SourceDate "2017.06.22"]
[SourceVersion "1"]
[SourceVersionDate "2017.06.22"]
[SourceQuality "1"]
[WhiteTeam "Germany"]
[BlackTeam "France"]
[WhiteTeamCountry "GER"]
[BlackTeamCountry "FRA"]

1. c4 e6 2. g3 d5 3. Bg2 dxc4 4. Qa4+ Bd7 5. Qxc4 Bc6 6. Nf3 Nf6 7. 0-0 Nbd7 8. Nc3 Bxf3 9. Bxf3 c6 10. Qb3 Qb6 11. Qc2 h5 12. d3 h4 13. Be3 Qa5 14. d4 Bd6 15. Rfc1 a6 16. Qd2 hxg3 17. hxg3 Qf5 18. Bf4 Bxf4 19. Qxf4 Qxf4 20. gxf4 g6 21. e3 1/2-1/2

[Event "WchT Seniors 65"]
[Site "Hersonissos"]
[Date "2017.04.24"]
[Round "1.2"]
[White "Giffard, Nicolas"]
[Black "Jorgensen, Arne Bjorn"]
[Result "1/2-1/2"]
[WhiteElo "2257"]
[BlackElo "1952"]
[PlyCount "85"]
[EventDate "2017.04.24"]
[EventType "team-swiss"]
[EventRounds "9"]
[EventCountry "GRE"]
[SourceTitle "CBM 178 Extra"]
[Source "ChessBase"]
[SourceDate "2017.06.22"]
[SourceVersion "1"]
[SourceVersionDate "2017.06.22"]
[SourceQuality "1"]
[WhiteTeam "France"]
[BlackTeam "Denmark SK 2012"]
[WhiteTeamCountry "FRA"]
[BlackTeamCountry "DEN"]

1. d4 f5 2. Bf4 Nf6 3. e3 g6 4. Nf3 Bg7 5. Bc4 d5 6. Bb3 0-0 7. 0-0 Be6 8. Ng5 Bf7 9. c4 c6 10. Nc3 e6 11. c5 h6 12. Nh3 g5 13. Bd6 Re8 14. Bc2 Nbd7 15. b4 a6 16. f3 Bf8 17. Bxf8 Rxf8 18. Nf2 Kg7 19. a4 Bg6 20. Nd3 Qe7 21. f4 Ne4 22. Na2 Qf6 23. Ndc1 Kh7 24. Nb3 Rac8 25. Bd3 Nb8 26. Rc1 Rc7 27. Rc2 Rg7 28. Bxe4 dxe4 29. Qa1 Rd8 30. Na5 gxf4 31. Rxf4 Re7 32. Nc4 Rg8 33. Nc3 Qg7 34. Ne2 Nd7 35. Ng3 Nf6 36. Qe1 Nd5 37. Rff2 f4 38. exf4 Qxd4 39. Ne2 Qd3 40. Nc1 Qd4 41. Nb3 Qf6 42. Ne3 Bf5 43. Kh1 1/2-1/2

[Event "Wch Seniors 65 26th"]
[Site "Marianske Lazne"]
[Date "2016.11.24"]
[Round "6"]
[White "Giffard, Nicolas"]
[Black "Myall, Ivan J"]
[Result "1-0"]
[WhiteElo "2313"]
[BlackElo "2042"]
[PlyCount "101"]
[EventDate "2016.11.19"]
[EventType "swiss"]
[EventRounds "11"]
[EventCountry "CZE"]
[SourceTitle "CBM 175 Extra"]
[Source "ChessBase"]
[SourceDate "2016.12.12"]
[SourceVersion "1"]
[SourceVersionDate "2016.12.12"]
[SourceQuality "1"]

1. d4 Nf6 2. c4 e6 3. Nf3 d5 4. Nc3 c6 5. e3 Bd6 6. Bd3 0-0 7. e4 dxe4 8. Bxe4 Nxe4 9. Nxe4 Bb4+ 10. Bd2 Qe7 11. 0-0 Bxd2 12. Qxd2 h6 13. c5 Nd7 14. Qc3 Nf6 15. Nd6 Nd5 16. Qd2 a5 17. Rfe1 Qf6 18. Re4 Ra6 19. Ne5 Qg5 20. Qxg5 hxg5 21. Nexf7 Rxf7 22. Nxc8 Rf4 23. Rae1 Ra8 24. Nd6 Rxe4 25. Rxe4 Nc7 26. g3 Kh7 27. Nxb7 Rb8 28. Nxa5 Rxb2 29. Nxc6 Rxa2 30. Nd8 Ra6 31. c6 Kg6 32. Nxe6 Rxc6 33. Nxc7 Rxc7 34. Kg2 Kf5 35. Re5+ Kf6 36. g4 Rc4 37. Rf5+ Kg6 38. Rd5 Kh6 39. Kf3 Rc7 40. Ke4 g6 41. Rc5 Re7+ 42. Re5 Rf7 43. Ke3 Re7 44. f3 Rf7 45. d5 Ra7 46. Kd4 Rf7 47. d6 Rxf3 48. d7 Rf1 49. Rd5 Rd1+ 50. Kc5 Rc1+ 51. Kd6 1-0

[Event "Wch Seniors 65 26th"]
[Site "Marianske Lazne"]
[Date "2016.11.22"]
[Round "4"]
[White "Giffard, Nicolas"]
[Black "Casden, Alan"]
[Result "1-0"]
[WhiteElo "2313"]
[BlackElo "2102"]
[PlyCount "81"]
[EventDate "2016.11.19"]
[EventType "swiss"]
[EventRounds "11"]
[EventCountry "CZE"]
[SourceTitle "CBM 175 Extra"]
[Source "ChessBase"]
[SourceDate "2016.12.12"]
[SourceVersion "1"]
[SourceVersionDate "2016.12.12"]
[SourceQuality "1"]

1. d4 g6 2. e4 Bg7 3. Nc3 c5 4. d5 d6 5. Bb5+ Bd7 6. a4 Nf6 7. Nf3 0-0 8. h3 e5 9. Bxd7 Nbxd7 10. 0-0 Nh5 11. g3 Qe7 12. Nh2 Rab8 13. Nb1 f5 14. exf5 Ndf6 15. fxg6 hxg6 16. Nc3 a6 17. a5 b5 18. axb6 Rxb6 19. Re1 Qf7 20. Re2 Rb4 21. Rxa6 Rd4 22. Qe1 Nxd5 23. Nb5 Qb7 24. Ra5 Rb4 25. Nxd6 Qb6 26. c3 Rh4 27. gxh4 Qxa5 28. Ng4 Qd8 29. Qd1 Nhf4 30. Bxf4 Nxf4 31. Re3 Qxh4 32. Qb3+ Kh7 33. Ne4 Bh6 34. Qb7+ Kh8 35. Nxe5 Nxh3+ 36. Rxh3 Qxh3 37. Nxg6+ Kg8 38. Nxf8 Qg4+ 39. Ng3 Bxf8 40. Qd5+ Kg7 41. Kg2 1-0

[Event "FRA-ch op Senior"]
[Site "Agen"]
[Date "2016.08.17"]
[Round "5"]
[White "Boudre, Jean Pierre"]
[Black "Giffard, Nicolas"]
[Result "1-0"]
[WhiteElo "2276"]
[BlackElo "2310"]
[PlyCount "77"]
[EventDate "2016.08.12"]
[EventType "swiss"]
[EventRounds "9"]
[EventCountry "FRA"]
[SourceTitle "EXT 2017"]
[Source "ChessBase"]
[SourceDate "2016.10.25"]
[SourceVersion "1"]
[SourceVersionDate "2016.10.25"]
[SourceQuality "1"]

1. e4 c5 2. Be2 Nc6 3. f4 g6 4. Nf3 Bg7 5. 0-0 Nf6 6. d3 d6 7. c3 Qc7 8. Na3 0-0 9. Qe1 Bg4 10. Qh4 Rab8 11. Nc4 b5 12. Ne3 Bxf3 13. Rxf3 e6 14. Rh3 h6 15. g4 Rfc8 16. g5 hxg5 17. fxg5 Ne8 18. Ng4 Ne5 19. Bf4 Nxg4 20. Bxg4 Kf8 21. Rf1 Ke7 22. Be3 Kd8 23. Rhf3 Rb7 24. Rxf7 Qxf7 25. Rxf7 Rxf7 26. Bxe6 Rcc7 27. Bxf7 Rxf7 28. Qg4 Nc7 29. d4 cxd4 30. Bxd4 Be5 31. Bxe5 dxe5 32. Qh4 Ne8 33. Qh8 Rg7 34. Qf8 Rc7 35. Qg8 Rd7 36. Qxg6 Rd1+ 37. Kg2 Rd2+ 38. Kg3 Rxb2 39. Qe6 1-0

[Event "FRA-ch op Senior"]
[Site "Agen"]
[Date "2016.??.??"]
[Round "2"]
[White "Giffard, Nicolas"]
[Black "Belluire, Patrice"]
[Result "1-0"]
[WhiteElo "2310"]
[BlackElo "1860"]
[PlyCount "87"]
[EventDate "2016.08.12"]
[EventType "swiss"]
[EventRounds "9"]
[EventCountry "FRA"]
[SourceTitle "EXT 2017"]
[Source "ChessBase"]
[SourceDate "2016.10.25"]
[SourceVersion "1"]
[SourceVersionDate "2016.10.25"]
[SourceQuality "1"]

1. d4 Nf6 2. c4 e6 3. Nf3 b6 4. a3 Bb7 5. Nc3 d5 6. cxd5 exd5 7. Bf4 Be7 8. e3 0-0 9. Bd3 c6 10. Rc1 Re8 11. Ne5 Nbd7 12. Qc2 c5 13. 0-0 a6 14. Rfd1 c4 15. Nxd7 Qxd7 16. Bf5 Qc6 17. Qe2 b5 18. Qf3 Bc8 19. Be5 Bxf5 20. Qxf5 Qe6 21. Qf3 Red8 22. h3 Rac8 23. Ne2 Ne8 24. g4 Bf6 25. Qg3 g6 26. f4 Bg7 27. f5 Qd7 28. h4 Kh8 29. Rf1 f6 30. Bf4 Nd6 31. Bxd6 Qxd6 32. Qf3 gxf5 33. Qxf5 Re8 34. Rf3 Rcd8 35. Qh5 Kg8 36. Ng3 Qe6 37. Rcf1 Rf8 38. Kg2 Qe8 39. Nf5 Qxh5 40. gxh5 Rfe8 41. Rg3 Rd7 42. h6 Rf8 43. Kf3 Rdd8 44. Kg2 1-0

[Event "FRA-ch op Senior"]
[Site "Agen"]
[Date "2016.??.??"]
[Round "9"]
[White "Giffard, Nicolas"]
[Black "Letzelter, Jean Claude"]
[Result "1-0"]
[WhiteElo "2310"]
[BlackElo "2098"]
[PlyCount "123"]
[EventDate "2016.08.12"]
[EventType "swiss"]
[EventRounds "9"]
[EventCountry "FRA"]
[SourceTitle "EXT 2017"]
[Source "ChessBase"]
[SourceDate "2016.10.25"]
[SourceVersion "1"]
[SourceVersionDate "2016.10.25"]
[SourceQuality "1"]

1. d4 d5 2. c4 e6 3. Nf3 Be7 4. Bf4 c6 5. e3 f5 6. Bd3 Nd7 7. Nc3 dxc4 8. Bxc4 Nb6 9. Bb3 Nd5 10. 0-0 Nxf4 11. exf4 Nf6 12. Re1 Nd5 13. g3 0-0 14. Qd3 Kh8 15. Rad1 Bf6 16. Qc2 Bd7 17. Rd2 Rc8 18. Ne2 Qa5 19. Qc5 Qxc5 20. dxc5 Rcd8 21. Ned4 Nc7 22. Rc2 Rde8 23. Ne5 Bc8 24. h4 g6 25. Ndf3 Kg7 26. Bc4 Nd5 27. a3 Bd8 28. Bf1 Bc7 29. Bc4 Kf6 30. Ba2 h6 31. Kg2 Rd8 32. Rc4 Bb8 33. Bb3 Nc7 34. Kg1 a6 35. Ba2 Ba7 36. b4 Rfe8 37. a4 a5 38. bxa5 Na6 39. g4 Kg7 40. g5 h5 41. Rec1 Rd5 42. R4c3 Rxc5 43. Nc4 Bb8 44. Nfe5 Rd8 45. Nd3 Rcd5 46. Bb1 Nc5 47. Nxc5 Rxc5 48. a6 b5 49. Ne3 Rxc3 50. Rxc3 bxa4 51. Rxc6 a3 52. Ba2 Bxf4 53. a7 Bd7 54. Ra6 Ra8 55. Rxa3 Bc6 56. Bxe6 Kf8 57. Nd5 Bd6 58. Ra6 Bb7 59. Rxd6 Rxa7 60. Rd8+ Kg7 61. Rd7+ Kh8 62. Nf6 1-0

[Event "Wch Seniors 65 25th"]
[Site "Acqui Terme"]
[Date "2015.11.19"]
[Round "9"]
[White "Giffard, Nicolas"]
[Black "Werner, Clemens"]
[Result "1/2-1/2"]
[WhiteElo "2303"]
[BlackElo "2330"]
[PlyCount "52"]
[EventDate "2015.11.10"]
[EventType "swiss"]
[EventRounds "11"]
[EventCountry "ITA"]
[SourceTitle "CBM 169 Extra"]
[Source "ChessBase"]
[SourceDate "2015.12.18"]
[SourceVersion "1"]
[SourceVersionDate "2015.12.18"]
[SourceQuality "1"]

1. d4 Nf6 2. Nf3 g6 3. g3 Bg7 4. Bg2 0-0 5. 0-0 d6 6. a4 Nc6 7. a5 Rb8 8. c3 e5 9. dxe5 dxe5 10. Qxd8 Rxd8 11. Nfd2 a6 12. Nc4 Be6 13. Nbd2 Ne8 14. e4 Rd3 15. Re1 Rbd8 16. Bf1 R3d7 17. Nb3 Nd6 18. Ncd2 Ne8 19. Bc4 Bxc4 20. Nxc4 Bf8 21. Be3 f6 22. Nc5 Bxc5 23. Bxc5 Ng7 24. f3 Ne6 25. Bf2 Kf7 26. Kf1 h5 1/2-1/2